Ciencia y derecho: la investigación jurídica
Guardat en:
| Autor principal: | |
|---|---|
| Format: | Llibre |
| Idioma: | espanyol |
| Publicat: |
Mendoza
Ediunc
2000
|
| Col·lecció: | Manuales, 30
|
| Matèries: | |
| Etiquetes: |
Afegir etiqueta
Sense etiquetes, Sigues el primer a etiquetar aquest registre!
|
MARC
| LEADER | 00000nam a2200000 a 4500 | ||
|---|---|---|---|
| 001 | UCM2899 | ||
| 003 | CL-VaPUC | ||
| 008 | 020621e20000000AG |||||||||||||||||spa|d | ||
| 082 | 0 | 4 | |a 340.072 |b SCH |2 21 |
| 100 | 0 | |a Schilardi, María del Carmen |e author |9 469609 | |
| 245 | 1 | 0 | |a Ciencia y derecho: la investigación jurídica |
| 300 | |a 158 p | ||
| 942 | |c BK | ||
| 945 | |d 20020621 00:00:00 |a vberengu | ||
| 260 | |a Mendoza |b Ediunc |c 2000 | ||
| 650 | 0 | |a Investigación |9 257811 | |
| 650 | 0 | |a Investigación jurídica |9 328647 | |
| 650 | 7 | |a TRABAJO DE INVESTIGACION |2 CL-VaPUC |9 334804 | |
| 583 | |a last modification |c 20020621 00:00:00 |k Rodrigo Vera | ||
| 490 | 0 | |a Manuales, 30 | |
| 999 | |c 300515 |d 300513 | ||
| 952 | |0 0 |1 0 |4 0 |6 340_072000000000000_SCH_2000 |7 0 |8 A |9 358376 |a BIBDER |b BIBDER |d 2019-11-21 |i 3821773 |o 340.072 SCH 2000 |p 3821773 |r 2023-01-25 |w 2019-11-21 |y BK |k DER | ||